000 00261nam a22001217a 4500
008 170810b xxu||||| |||| 00| 0 eng d
041 _aeng
080 _a004
100 _a35
101 _aSHKI
245 _aSTATS DATA AND MODELS
_cVEAUX, D
942 _2udc
_cBK
999 _c23120
_d23120